000 00638nam a2200193Ia 4500
005 20250508162259.0
008 008 250505s9999 xx 000 0 eng d
037 _aDissertations
040 _aFEDL
_beng
_cFEDL
041 _aeng
_2eng
084 _a370.9, OMP/DI
_qFEDL
100 _aOm Prakash
245 0 _aComparative study of the vocational aspirations of high achiever and low achiever students of class 11th of senior secondary schools of Delhi territory
260 _c1983
300 _a58p.
546 _aM.Ed. Dissertation (Delhi University)
942 _cDIS
_h370.9, OMP/DI
999 _c1375561
_d1375561